[Event "Rated Blitz game"]
[Site "?"]
[Date "2021.10.12"]
[Round "?"]
[White "gumbankaith"]
[Black "Monkey_King"]
[Result "0-1"]
[WhiteElo "2348"]
[BlackElo "2412"]
[PlyCount "50"]
[EventDate "2021.??.??"]
[EventType "blitz"]

1. e4 e5 2. Nf3 d5 3. exd5 e4 4. Qe2 Nf6 5. Nc3 Be7 6. Ng5 O-O 7. Ngxe4 Nxe4 8.
Qxe4 Re8 9. Be2 Bf6 10. Qc4 b5 11. Qxb5 Ba6 12. Qc5 Bxc3 13. dxc3 Rxe2+ 14. Kd1
Nd7 15. Qd4 Nb6 16. c4 Bxc4 17. b3 Nxd5 18. Bb2 Nf4 19. bxc4 c5 20. Qxd8+ Rxd8+
21. Kc1 Rdd2 22. Be5 Rxc2+ 23. Kb1 Nd3 24. Rd1 Rb2+ 25. Bxb2 Rxb2# {Normal} 0-1

[Event "Rated Blitz game"]
[Site "?"]
[Date "2021.10.12"]
[Round "?"]
[White "branimir2000"]
[Black "Heri72"]
[Result "0-1"]
[WhiteElo "2319"]
[BlackElo "2448"]
[PlyCount "122"]
[EventDate "2021.??.??"]
[EventType "blitz"]

1. e4 e5 2. Nf3 d5 3. Nxe5 Bd6 4. d4 dxe4 5. Nc4 Nf6 6. Be2 O-O 7. Nxd6 cxd6 8.
Be3 d5 9. O-O Be6 10. Nd2 Nbd7 11. c4 dxc4 12. Nxc4 Bxc4 13. Bxc4 Nb6 14. Bb3
Nbd5 15. Rc1 h6 16. a3 Rc8 17. Qd2 Qb6 18. Bxd5 Nxd5 19. b4 f5 20. Rc5 Qe6 21.
Qa2 Rcd8 22. Rfc1 Kh7 23. g3 Rd7 24. Qc2 Rf6 25. Re1 g5 26. f3 Nxe3 27. Rxe3
Rxd4 28. fxe4 f4 29. gxf4 gxf4 30. Rc7+ Kg8 31. Re2 f3 32. Rf2 Qxe4 33. Qb3+
Rd5 34. Rc1 Kh8 35. Kh1 Rd2 36. Rg1 Re6 37. Qxf3 Qxf3+ 38. Rxf3 Ree2 39. Rh3
Kh7 40. Rf1 b5 41. Rf7+ Kg6 42. Rf1 a6 43. Rg1+ Kf5 44. Rxh6 Ke4 45. Rh3 Kd4
46. Rg4+ Kd5 47. Rh5+ Ke6 48. Rg6+ Kf7 49. Rg1 Kf6 50. Rh6+ Kf5 51. Rh3 Kf4 52.
Rh4+ Ke3 53. Rh3+ Kf2 54. Rg2+ Kf1 55. Rxe2 Rxe2 56. Rf3+ Ke1 57. h4 Re5 58.
Rh3 Rh5 59. Kg2 Ke2 60. Kg3 Kd3 61. Kg4+ Kc4 {Time forfeit} 0-1

[Event "Rated Blitz game"]
[Site "?"]
[Date "2021.10.12"]
[Round "?"]
[White "capitansalami01"]
[Black "Annali-annaliew1979"]
[Result "1-0"]
[WhiteElo "2557"]
[BlackElo "2447"]
[PlyCount "37"]
[EventDate "2021.??.??"]
[EventType "blitz"]

1. e4 e5 2. Nf3 d5 3. d3 dxe4 4. dxe4 Qxd1+ 5. Kxd1 Bg4 6. Be2 Nc6 7. c3 Bc5 8.
Rf1 f6 9. h3 Bh5 10. Kc2 Nge7 11. b4 Bb6 12. Nbd2 O-O-O 13. Nc4 Bg6 14. Nxb6+
axb6 15. Nd2 h5 16. f3 Nd5 17. Nc4 b5 18. Na3 f5 19. exd5 {Normal} 1-0

[Event "Rated Blitz game"]
[Site "?"]
[Date "2021.10.12"]
[Round "?"]
[White "emilsmierins"]
[Black "ALJr76"]
[Result "0-1"]
[WhiteElo "2407"]
[BlackElo "2356"]
[PlyCount "82"]
[EventDate "2021.??.??"]
[EventType "blitz"]

1. e4 e5 2. Nf3 d5 3. Nxe5 dxe4 4. d4 Bd6 5. Nc4 Nc6 6. Nc3 Nf6 7. a3 Be6 8. d5
Nxd5 9. Nxe4 Be7 10. Be2 f5 11. Ng3 Bf6 12. O-O Qe7 13. c3 O-O-O 14. Qa4 Kb8
15. Bf3 g5 16. Re1 Rhe8 17. Nxf5 Qc5 18. Nfe3 Nf4 19. Bxc6 bxc6 20. b4 Qb5 21.
Qb3 Bxc4 22. Qb2 Nd3 23. Qd2 Nxe1 24. Qxe1 Rd3 25. a4 Qe5 26. Bb2 Bd5 27. Qc1
Be4 28. Ra2 Red8 29. c4 Qf4 30. Bxf6 Qxf6 31. b5 Qd4 32. h3 h5 33. bxc6 Bxc6
34. Rb2+ Ka8 35. Qb1 g4 36. hxg4 hxg4 37. Rb4 g3 38. c5 gxf2+ 39. Kf1 Qxe3 40.
Rb2 Rd1+ 41. Qxd1 Rxd1# {Normal} 0-1

[Event "Rated Blitz game"]
[Site "?"]
[Date "2021.10.12"]
[Round "?"]
[White "maminatetka"]
[Black "Annali-annaliew1979"]
[Result "0-1"]
[WhiteElo "2467"]
[BlackElo "2450"]
[PlyCount "98"]
[EventDate "2021.??.??"]
[EventType "blitz"]

1. e4 e5 2. Nf3 d5 3. d3 dxe4 4. dxe4 Qxd1+ 5. Kxd1 Bg4 6. Be2 Nc6 7. c3 Bc5 8.
Be3 Bxe3 9. fxe3 Nge7 10. Nbd2 O-O-O 11. Kc2 f6 12. h3 Bh5 13. Rad1 a6 14. Nb3
Bg6 15. Nfd2 Nd5 16. Bg4+ Kb8 17. Rhe1 h5 18. Bf3 b6 19. Kc1 Nde7 20. Nf1 a5
21. Na1 Nc8 22. Nc2 Nd6 23. Nd2 h4 24. Na3 b5 25. b4 axb4 26. cxb4 Nxb4 27. Kb2
Nd3+ 28. Kb3 Nxe1 29. Rxe1 c5 30. Rc1 c4+ 31. Kb4 Kb7 32. Ndb1 Kb6 33. Nc3 Be8
34. Nd5+ Kb7 35. Kc5 g5 36. Rb1 Rh7 37. Nxf6 Rc7+ 38. Kb4 Bf7 39. Nd5 Bxd5 40.
exd5 Kb6 41. e4 c3 42. Rc1 Ra8 43. Kb3 b4 44. Nc2 Nc4 45. Kxb4 Nd2 46. a4 Rb7
47. Ka3 Kc5 48. Ne3 Rb3+ 49. Ka2 Rxa4# {Normal} 0-1

[Event "Rated Blitz game"]
[Site "?"]
[Date "2021.10.12"]
[Round "?"]
[White "passiwitz"]
[Black "KamranShirazi"]
[Result "0-1"]
[WhiteElo "2484"]
[BlackElo "2549"]
[PlyCount "86"]
[EventDate "2021.??.??"]
[EventType "blitz"]

1. e4 e5 2. Nf3 d5 3. Nxe5 Bd6 4. d4 dxe4 5. Nc4 Nc6 6. Nxd6+ cxd6 7. c3 f5 8.
Bf4 Nf6 9. h3 O-O 10. Be2 Kh8 11. Qb3 Na5 12. Qa3 Ne8 13. Nd2 b6 14. O-O Bb7
15. Rae1 g5 16. Bh2 f4 17. Bd1 Qe7 18. b4 d5 19. Qc1 Nc4 20. Nf3 Ned6 21. Bb3
Rac8 22. h4 h6 23. Nd2 gxh4 24. Bxc4 dxc4 25. Nxe4 Nxe4 26. f3 Qg5 27. fxe4 h3
28. Rf2 Rce8 29. Bxf4 Qg4 30. Be5+ Kh7 31. Qe3 Rxf2 32. Qxf2 Rf8 33. Qe2 Qxg2+
34. Qxg2 hxg2 35. d5 Rg8 36. Bc7 Rg4 37. d6 Bc6 38. e5 Rh4 39. Kf2 Rf4+ 40. Kg1
Rh4 41. Kf2 Rh1 42. e6 Rxe1 43. d7 g1=Q# {Normal} 0-1

[Event "Rated Blitz game"]
[Site "?"]
[Date "2021.10.12"]
[Round "?"]
[White "herschelle01"]
[Black "Adim_Ayub"]
[Result "0-1"]
[WhiteElo "2439"]
[BlackElo "2297"]
[PlyCount "62"]
[EventDate "2021.??.??"]
[EventType "blitz"]

1. e4 e5 2. Nf3 d5 3. Bc4 dxc4 4. O-O Nc6 5. h3 Nf6 6. Re1 Bc5 7. b4 Bxb4 8.
Bb2 Bd6 9. Nc3 O-O 10. a4 h6 11. a5 Re8 12. Qe2 Be6 13. Rab1 Nxa5 14. Nd1 b5
15. Ne3 Nc6 16. d3 cxd3 17. cxd3 a5 18. g4 Nh7 19. h4 f6 20. Nf5 Nb4 21. d4 Bc4
22. Qd2 exd4 23. N3xd4 Be5 24. Rbd1 c5 25. f4 Bxd4+ 26. Bxd4 cxd4 27. g5 hxg5
28. hxg5 fxg5 29. e5 gxf4 30. Qxf4 Qg5+ 31. Qxg5 Nxg5 {Normal} 0-1

[Event "Rated Blitz game"]
[Site "?"]
[Date "2021.10.12"]
[Round "?"]
[White "pedantic_pAwNs"]
[Black "lavilaine"]
[Result "0-1"]
[WhiteElo "2429"]
[BlackElo "2463"]
[PlyCount "86"]
[EventDate "2021.??.??"]
[EventType "blitz"]

1. e4 e5 2. Nf3 d5 3. Nxe5 Qe7 4. d4 f6 5. Qh5+ g6 6. Nxg6 Qxe4+ 7. Be2 Qxg6 8.
Qh4 h5 9. Bf4 Bg4 10. f3 Bf5 11. Nc3 c6 12. g4 Bxc2 13. Kd2 Nd7 14. Rac1 Bh6
15. Bxh6 Qxh6+ 16. Kxc2 O-O-O 17. Kb1 Nb6 18. Bd3 Ne7 19. Rce1 Qd2 20. Rd1 Qg2
21. Qxf6 hxg4 22. Qxe7 gxf3 23. h4 f2 24. Qe5 Rhf8 25. Bf5+ Nd7 26. Bxd7+ Rxd7
27. Rdf1 Rg7 28. h5 Qxh1 29. Rxh1 Rg1+ 30. Rxg1 fxg1=Q+ 31. Kc2 Qg2+ 32. Kb3
Qf1 33. a4 Qc4+ 34. Ka3 a5 35. h6 Qb4+ 36. Ka2 Rd8 37. h7 Qf8 38. Qe6+ Kb8 39.
Ne2 Qh8 40. Qe7 Rc8 41. Nf4 Rc7 42. Qe6 Qxh7 43. Ng6 Qd7 {Time forfeit} 0-1

[Event "Rated Blitz game"]
[Site "?"]
[Date "2021.10.12"]
[Round "?"]
[White "Chaos_Storm"]
[Black "RCompany_1"]
[Result "0-1"]
[WhiteElo "2490"]
[BlackElo "2468"]
[PlyCount "48"]
[EventDate "2021.??.??"]
[EventType "blitz"]

1. e4 e5 2. Nf3 d5 3. exd5 e4 4. Qe2 Nf6 5. Nc3 Be7 6. Nxe4 Nxd5 7. d3 O-O 8.
Qd1 Re8 9. Be2 c5 10. O-O Nc6 11. d4 cxd4 12. Nxd4 Ne5 13. c4 Nb6 14. Be3 Nbxc4
15. Bxc4 Nxc4 16. Qb3 Nxe3 17. Qxe3 Bf8 18. Rfe1 Bd7 19. Rad1 Qb6 20. Qg5 Kh8
21. b3 h6 22. Qh5 f5 23. Nxf5 g6 24. Qh4 Bxf5 {Normal} 0-1

[Event "Rated Blitz game"]
[Site "?"]
[Date "2021.10.12"]
[Round "?"]
[White "old_friend"]
[Black "Annali-annaliew1979"]
[Result "1-0"]
[WhiteElo "2444"]
[BlackElo "2438"]
[PlyCount "131"]
[EventDate "2021.??.??"]
[EventType "blitz"]

1. e4 e5 2. Nf3 d5 3. exd5 e4 4. Qe2 f5 5. d3 Nf6 6. Nfd2 Be7 7. dxe4 fxe4 8.
Nc3 O-O 9. Ndxe4 Nxe4 10. Nxe4 Bf5 11. Bd2 Qxd5 12. Nc3 Qf7 13. O-O-O Nc6 14.
Qb5 Kh8 15. Qxb7 Nd4 16. Bd3 Bxd3 17. cxd3 Bd6 18. f3 a5 19. Qd5 Ne2+ 20. Kc2
Nxc3 21. Qxf7 Rxf7 22. Bxc3 a4 23. h3 a3 24. b3 Bg3 25. Be1 Bd6 26. Bh4 h6 27.
Rhe1 g5 28. Bf2 Ra6 29. Bd4+ Kh7 30. Re6 Rc6+ 31. Kb1 Rd7 32. Be5 Rb6 33. Bxd6
cxd6 34. d4 Rb4 35. Kc2 Rc7+ 36. Kd3 d5 37. Rde1 Rbb7 38. Rd6 Kg7 39. Rxd5 Kg6
40. Re6+ Kh5 41. Rdd6 Kh4 42. Rxh6+ Kg3 43. Rhg6 Kxg2 44. Rxg5+ Kf2 45. Rc5 Rf7
46. Rc2+ Kf1 47. Rdc6 Rxf3+ 48. Kc4 Rxh3 49. d5 Rh5 50. Kc5 Rd7 51. Rd2 Ke1 52.
Rd4 Ke2 53. Re6+ Kf3 54. Kc6 Rd8 55. d6 Rh7 56. d7 Ra8 57. Re8 Ra6+ 58. Kb7
Rxd7+ 59. Rxd7 Rf6 60. Ree7 Kg4 61. Rg7+ Kh5 62. Rh7+ Kg5 63. Rdg7+ Kf5 64. Rf7
Ke6 65. Rxf6+ Kxf6 66. Rh4 {Normal} 1-0

[Event "Rated Rapid game"]
[Site "?"]
[Date "2021.10.12"]
[Round "?"]
[White "ApfelApfelApfelWurm"]
[Black "Kukarachenko"]
[Result "0-1"]
[WhiteElo "2335"]
[BlackElo "2469"]
[PlyCount "60"]
[EventDate "2021.??.??"]
[EventType "rapid"]

1. e4 e5 2. Nf3 d5 3. Nxe5 Bd6 4. Nxf7 Kxf7 5. Qh5+ g6 6. Qxd5+ Kg7 7. Bc4 Qe7
8. b3 Nf6 9. Bb2 Nc6 10. Qg5 Qxe4+ 11. Kd1 Qf5 12. h4 Be5 13. Nc3 h6 14. Qxf5
Bxf5 15. f3 h5 16. Re1 Rhe8 17. a4 Bg3 18. Ne4 Bxe4 19. Rxe4 Rxe4 20. fxe4 Be5
21. c3 Nxe4 22. d4 Bf6 23. Bd5 Re8 24. Kc2 Bxh4 25. c4 Bf6 26. Rf1 Re7 27. Bxe4
Rxe4 28. Kd3 Rg4 29. Rxf6 Kxf6 30. d5+ Ne5+ {Normal} 0-1

[Event "Rated Blitz game"]
[Site "?"]
[Date "2021.10.12"]
[Round "?"]
[White "Indian_cat"]
[Black "RCompany_1"]
[Result "1-0"]
[WhiteElo "2461"]
[BlackElo "2448"]
[PlyCount "111"]
[EventDate "2021.??.??"]
[EventType "blitz"]

1. e4 e5 2. Nf3 d5 3. Nc3 d4 4. Ne2 f6 5. d3 c5 6. Nd2 Nc6 7. g3 h5 8. h4 Bg4
9. f3 Be6 10. Bg2 Qd7 11. Nc4 Be7 12. f4 Bg4 13. f5 Bd6 14. a4 Nge7 15. Bd2 g6
16. fxg6 Nxg6 17. O-O Be7 18. Kh2 O-O-O 19. Qe1 Rhg8 20. Ng1 Kb8 21. a5 Be6 22.
Bh3 Bxh3 23. Nxh3 Nf8 24. Rf5 Rh8 25. Qe2 Qe8 26. Raf1 Ne6 27. b3 Ng7 28. Rxf6
Bxf6 29. Rxf6 Rf8 30. Bg5 Rxf6 31. Bxf6 Rd7 32. Ng5 Ne6 33. Nxe5 Nxe5 34. Bxe5+
Ka8 35. Nxe6 Qxe6 36. Qxh5 Rd8 37. Bf4 Qa6 38. Qxc5 Qc6 39. Qxc6 bxc6 40. g4
Kb7 41. h5 Ka6 42. Bd2 c5 43. g5 Kb5 44. g6 Kc6 45. Kg3 Kd6 46. h6 Ke6 47. g7
Kf7 48. e5 Kg6 49. Kf3 Re8 50. Ke4 Kf7 51. Kd5 Rd8+ 52. Kxc5 Rc8+ 53. Kxd4 Rxc2
54. Bb4 Rb2 55. e6+ Kg8 56. e7 {Time forfeit} 1-0

[Event "Rated Blitz game"]
[Site "?"]
[Date "2021.10.12"]
[Round "?"]
[White "branimir2000"]
[Black "rofaidah"]
[Result "0-1"]
[WhiteElo "2332"]
[BlackElo "2475"]
[PlyCount "86"]
[EventDate "2021.??.??"]
[EventType "blitz"]

1. e4 e5 2. Nf3 d5 3. Nxe5 Qe7 4. d4 f6 5. Ng4 dxe4 6. Ne3 Nc6 7. c3 Bd7 8. Nd2
O-O-O 9. Qc2 f5 10. g3 g5 11. Bc4 f4 12. Nd5 Qd6 13. b4 e3 14. fxe3 fxg3 15.
Ne4 Qh6 16. Nxg3 Bd6 17. Nf5 Bxf5 18. Qxf5+ Kb8 19. Qg4 Nf6 20. Nxf6 Qxf6 21.
Bd2 h5 22. Qg2 g4 23. O-O-O Qg6 24. e4 Rhf8 25. Rhf1 Be7 26. e5 Bg5 27. Bxg5
Qxg5+ 28. Kb2 Qe3 29. Qe2 Qh3 30. e6 Ne7 31. d5 h4 32. Rf7 g3 33. hxg3 hxg3 34.
Rxe7 Rf2 35. Rg7 Qh2 36. Rd2 Qh6 37. Rxg3 Rxe2 38. Rxe2 a6 39. e7 Re8 40. Rf3
Ka7 41. Rfe3 Qd6 42. Bb3 b6 43. a3 Kb7 {Time forfeit} 0-1

[Event "Rated Blitz game"]
[Site "?"]
[Date "2021.10.12"]
[Round "?"]
[White "Corchov"]
[Black "GoughPhar"]
[Result "1-0"]
[WhiteElo "2607"]
[BlackElo "2458"]
[PlyCount "55"]
[EventDate "2021.??.??"]
[EventType "blitz"]

1. e4 e5 2. Nf3 d5 3. exd5 e4 4. Qe2 Nf6 5. d3 Be7 6. dxe4 O-O 7. Nbd2 Re8 8.
Qd1 Nxe4 9. Nxe4 Bb4+ 10. c3 Rxe4+ 11. Be2 Bd6 12. O-O Nd7 13. Bg5 Nf6 14. Bd3
Re8 15. c4 Bg4 16. h3 Bh5 17. g4 Bg6 18. Bxg6 fxg6 19. Qd4 h6 20. Bxf6 gxf6 21.
Rfe1 Kf7 22. c5 Bf8 23. Rxe8 Qxe8 24. Re1 Qd7 25. b4 Rd8 26. Rd1 h5 27. Qf4
hxg4 28. Ne5+ {Normal} 1-0

[Event "Rated Blitz game"]
[Site "?"]
[Date "2021.10.12"]
[Round "?"]
[White "Matecosido02"]
[Black "Heri72"]
[Result "0-1"]
[WhiteElo "2406"]
[BlackElo "2423"]
[PlyCount "66"]
[EventDate "2021.??.??"]
[EventType "blitz"]

1. e4 e5 2. Nf3 d5 3. Nxe5 Bd6 4. d4 dxe4 5. Bf4 Qf6 6. Bg3 Nd7 7. Nc3 Nxe5 8.
dxe5 Bxe5 9. Bxe5 Qxe5 10. Qd5 Qxd5 11. Nxd5 Kd8 12. O-O-O Bd7 13. Bc4 c6 14.
Nc3 Nf6 15. Bxf7 Kc7 16. h3 b5 17. a3 a5 18. Rhe1 Rhf8 19. Bb3 Rae8 20. Re3 Bf5
21. Rde1 Bg6 22. Rd1 Re5 23. Ne2 a4 24. Ba2 c5 25. Nf4 c4 26. Nxg6 hxg6 27. c3
Nd5 28. Re2 Nf4 29. Red2 Nd3+ 30. Kc2 Rxf2 31. Rxf2 Nxf2 32. Re1 Nd3 33. Kd2
Nxe1 {Normal} 0-1

[Event "Rated Blitz game"]
[Site "?"]
[Date "2021.10.12"]
[Round "?"]
[White "IlkinRahimli"]
[Black "barry-allen"]
[Result "1-0"]
[WhiteElo "2562"]
[BlackElo "2383"]
[PlyCount "67"]
[EventDate "2021.??.??"]
[EventType "blitz"]

1. e4 e5 2. Nf3 d5 3. exd5 e4 4. Qe2 Nf6 5. Nc3 Be7 6. Nxe4 O-O 7. d3 Re8 8.
Be3 Nxd5 9. O-O-O Nxe3 10. fxe3 f5 11. Nc3 Bf6 12. d4 c6 13. Qf2 g6 14. h4 Be6
15. h5 g5 16. Bd3 Rf8 17. Qg3 h6 18. Ne5 Nd7 19. Ng6 Rf7 20. Rhf1 Bg7 21. Qd6
Rf6 22. Ne7+ Kh8 23. g4 Bf8 24. Rxf5 Bxe7 25. Rxf6 Bxd6 26. Rxh6+ Kg7 27. Rxe6
Nb6 28. Ne4 Bf8 29. Rg6+ Kh8 30. Nxg5 Qe7 31. Rf1 Bg7 32. h6 Qxe3+ 33. Kb1 Bxd4
34. Nf7+ {Normal} 1-0

[Event "Rated Blitz game"]
[Site "?"]
[Date "2021.10.12"]
[Round "?"]
[White "mandarria"]
[Black "Annali-annaliew1979"]
[Result "0-1"]
[WhiteElo "2472"]
[BlackElo "2444"]
[PlyCount "62"]
[EventDate "2021.??.??"]
[EventType "blitz"]

1. e4 e5 2. Nf3 d5 3. exd5 e4 4. Qe2 f5 5. d3 Nf6 6. Nbd2 Bd6 7. dxe4 fxe4 8.
Nxe4 O-O 9. Nxf6+ Qxf6 10. Qb5 Bg4 11. Be2 Nd7 12. Be3 Bxf3 13. Bxf3 Ne5 14.
Be2 a6 15. Qb3 b5 16. O-O Rae8 17. a4 Qg6 18. axb5 axb5 19. Bxb5 Nf3+ 20. Kh1
Nxh2 21. Bxe8 Rxe8 22. Rfe1 Ng4 23. Kg1 Qh5 24. Qa4 Qh2+ 25. Kf1 Qh5 26. Kg1
Rf8 27. f3 Qh2+ 28. Kf1 Qh1+ 29. Ke2 Qxg2+ 30. Kd3 Qxf3 31. Qe4 Nf2+ {Normal}
0-1

[Event "Rated Blitz game"]
[Site "?"]
[Date "2021.10.12"]
[Round "?"]
[White "Viktor_Tahirov555"]
[Black "Dzon_Vejn"]
[Result "0-1"]
[WhiteElo "2418"]
[BlackElo "2484"]
[PlyCount "38"]
[EventDate "2021.??.??"]
[EventType "blitz"]

1. e4 e5 2. Nf3 d5 3. d4 dxe4 4. Nxe5 Bd6 5. Nc4 Be7 6. Nc3 Nf6 7. Bg5 Bf5 8.
Be2 O-O 9. O-O Nc6 10. Be3 a6 11. h3 Re8 12. Ne5 Nxe5 13. dxe5 Nd7 14. Bf4 Bb4
15. Nd5 Bc5 16. Bg4 Bxg4 17. Qxg4 Nxe5 18. Bxe5 Rxe5 19. Rad1 Rxd5 {Normal} 0-1

[Event "Rated Blitz game"]
[Site "?"]
[Date "2021.10.12"]
[Round "?"]
[White "Dr0gon"]
[Black "Annali-annaliew1979"]
[Result "1-0"]
[WhiteElo "2497"]
[BlackElo "2463"]
[PlyCount "69"]
[EventDate "2021.??.??"]
[EventType "blitz"]

1. e4 e5 2. Nf3 d5 3. exd5 e4 4. Qe2 f5 5. Nc3 Nf6 6. d3 Bb4 7. dxe4 Bxc3+ 8.
bxc3 fxe4 9. c4 O-O 10. Nd4 c5 11. Nb3 Bf5 12. Bb2 Nbd7 13. h3 a5 14. a4 Bg6
15. g3 Re8 16. Bg2 Ne5 17. O-O Nf3+ 18. Bxf3 exf3 19. Qxf3 Bxc2 20. Bxf6 Qxf6
21. Qxf6 gxf6 22. Nxc5 Rac8 23. Nxb7 Rxc4 24. Nd6 Rec8 25. Nxc8 Rxc8 26. Rac1
Kf8 27. Rfe1 Bf5 28. Rxc8+ Bxc8 29. Rc1 Bxh3 30. Rc5 Ke7 31. Rxa5 Kd6 32. f4
Bg4 33. Kf2 h5 34. Ke3 Bd1 35. Kd4 {Normal} 1-0

[Event "Rated Blitz game"]
[Site "?"]
[Date "2021.10.12"]
[Round "?"]
[White "Superhit007"]
[Black "SerialDrinker"]
[Result "0-1"]
[WhiteElo "2401"]
[BlackElo "2303"]
[PlyCount "120"]
[EventDate "2021.??.??"]
[EventType "blitz"]

1. e4 e5 2. Nf3 d5 3. exd5 e4 4. Nd4 Qxd5 5. Nb3 Nf6 6. Nc3 Qf5 7. Bc4 Nc6 8.
O-O Bd6 9. d3 O-O 10. dxe4 Nxe4 11. Nxe4 Qxe4 12. Bd3 Qh4 13. g3 Qh3 14. Re1
Bg4 15. Qd2 Ne5 16. Rxe5 Bxe5 17. Bf1 Qh5 18. Qb4 b6 19. Be3 c5 20. Qc4 Rad8
21. c3 Rd6 22. Nd2 Rfd8 23. Ne4 Rd1 24. Rxd1 Rxd1 25. f4 Be2 26. Qa4 Rxf1+ 27.
Kg2 Qf3+ 28. Kh3 Qg4+ 29. Kg2 Qf3+ 30. Kh3 Qh5+ 31. Kg2 f5 32. Ng5 Bf6 33. Qb3+
c4 34. Qb5 Bxg5 35. Qd5+ Qf7 36. Qa8+ Qf8 37. Qd5+ Kh8 38. fxg5 Qe8 39. Qd4
Qe4+ 40. Qxe4 fxe4 41. h4 Kg8 42. h5 Kf7 43. Bd4 g6 44. hxg6+ hxg6 45. g4 Ke6
46. Bf6 Kd5 47. Bd4 a6 48. a4 b5 49. axb5 axb5 50. Bf6 Bd3 51. Bd4 Rb1 52. b4
Rb2+ 53. Kg3 Re2 54. Kf4 Re1 55. Kg3 Rf1 56. Be3 Rf3+ 57. Kg2 Rxe3 58. Kf2 Rf3+
59. Ke1 e3 60. Kd1 Rf1# {Normal} 0-1

[Event "Rated Blitz game"]
[Site "?"]
[Date "2021.10.12"]
[Round "?"]
[White "dejanarse2"]
[Black "Veysi13"]
[Result "0-1"]
[WhiteElo "2368"]
[BlackElo "2409"]
[PlyCount "94"]
[EventDate "2021.??.??"]
[EventType "blitz"]

1. e4 e5 2. Nf3 d5 3. exd5 e4 4. Bb5+ c6 5. dxc6 bxc6 6. Qe2 cxb5 7. Qxe4+ Qe7
8. Qxe7+ Bxe7 9. O-O Be6 10. Nc3 a6 11. a3 Nc6 12. d3 Nf6 13. h3 O-O 14. Re1
Rfe8 15. Bf4 Nd5 16. Nxd5 Bxd5 17. Nd2 Bf6 18. c3 g6 19. d4 Na5 20. f3 Nb3 21.
Rac1 Nxd2 22. Bxd2 Kg7 23. Kf2 Bc4 24. Bf4 Re6 25. Rxe6 Bxe6 26. Bc7 Re8 27. f4
Bc4 28. Be5 Bxe5 29. fxe5 f6 30. exf6+ Kxf6 31. Kf3 a5 32. Kf4 a4 33. g4 g5+
34. Kf3 Re2 35. Rb1 Re8 36. Kg3 Re3+ 37. Kg2 Ke6 38. Rd1 Kd5 39. Kf2 Re2+ 40.
Kf3 Rxb2 41. Re1 Rb3 42. Re5+ Kd6 43. Rxg5 Rxc3+ 44. Ke4 Rxh3 45. Rg7 Rxa3 46.
Rxh7 Bd3+ 47. Kf4 Bxh7 {Normal} 0-1

[Event "Rated Rapid game"]
[Site "?"]
[Date "2021.10.12"]
[Round "?"]
[White "VCF5"]
[Black "artsportscience"]
[Result "0-1"]
[WhiteElo "2413"]
[BlackElo "2430"]
[PlyCount "70"]
[EventDate "2021.??.??"]
[EventType "rapid"]

1. e4 e5 2. Nf3 d5 3. exd5 e4 4. Qe2 Nf6 5. d3 Qxd5 6. Nbd2 Nc6 7. dxe4 Qc5 8.
Qc4 Ng4 9. Qxc5 Bxc5 10. Bb5 Bxf2+ 11. Ke2 Bb6 12. Nc4 O-O 13. Nxb6 axb6 14.
Bf4 Re8 15. Bxc7 Rxe4+ 16. Kd2 Be6 17. Bd3 Rb4 18. a3 Rxb2 19. Kc3 Ra2 20. Rxa2
Bxa2 21. Ra1 Bd5 22. Bxb6 Nf6 23. Bc5 Ra5 24. Bb6 Ra4 25. Kb2 Bxf3 26. gxf3 Ne5
27. Rd1 g6 28. Bb5 Rf4 29. Bc7 Rf5 30. Rd8+ Kg7 31. a4 Nxf3 32. Rb8 Nd5 33.
Rxb7 Nxc7 34. Rxc7 Nxh2 35. a5 Rxb5+ {Normal} 0-1

[Event "Rated Blitz game"]
[Site "?"]
[Date "2021.10.12"]
[Round "?"]
[White "Lantori"]
[Black "rofaidah"]
[Result "1-0"]
[WhiteElo "2564"]
[BlackElo "2472"]
[PlyCount "69"]
[EventDate "2021.??.??"]
[EventType "blitz"]

1. e4 e5 2. Nf3 d5 3. exd5 e4 4. Qe2 Nf6 5. d3 Bf5 6. Nbd2 Qxd5 7. Nh4 Be7 8.
Nxf5 Qxf5 9. dxe4 Qe6 10. Qb5+ Nc6 11. Bc4 Qd6 12. Qxb7 O-O 13. O-O a6 14. Qb3
Qe5 15. Qc3 Nd4 16. Nf3 Nxf3+ 17. Qxf3 Bd6 18. g3 a5 19. Re1 Rab8 20. Rb1 h6
21. Bf4 Qh5 22. Qxh5 Nxh5 23. Bxd6 cxd6 24. e5 dxe5 25. Rxe5 Nf6 26. Rxa5 Rfd8
27. Ra7 Rd2 28. Rxf7 Kh8 29. Bb3 Re8 30. Rf1 Ree2 31. Rf8+ Kh7 32. Bc4 Rxc2 33.
Bxe2 Rxe2 34. Rxf6 gxf6 35. Rb1 {Normal} 1-0

[Event "Rated Blitz game"]
[Site "?"]
[Date "2021.10.12"]
[Round "?"]
[White "Jimbaba"]
[Black "Annali-annaliew1979"]
[Result "0-1"]
[WhiteElo "2459"]
[BlackElo "2448"]
[PlyCount "72"]
[EventDate "2021.??.??"]
[EventType "blitz"]

1. e4 e5 2. Nf3 d5 3. exd5 e4 4. Ne5 Bd6 5. d4 Nf6 6. Nc3 h6 7. Bb5+ Nbd7 8.
Qe2 a6 9. Nxe4 O-O 10. Bxd7 Nxe4 11. Bxc8 Qxc8 12. Qxe4 f6 13. O-O fxe5 14.
dxe5 Re8 15. f4 b6 16. Be3 Qg4 17. Rae1 Rxe5 18. Qxe5 Bxe5 19. fxe5 Re8 20. e6
Qc4 21. Rd1 c6 22. d6 Qxe6 23. Bxb6 Qd7 24. Bc7 Rc8 25. Rfe1 Rxc7 26. dxc7 Qxc7
27. Re8+ Kf7 28. Rde1 Qb6+ 29. Kh1 Qxb2 30. R8e7+ Kg8 31. h3 Qxc2 32. Ra7 Qxa2
33. Ree7 Kh8 34. Rxg7 Qa1+ 35. Kh2 Qxg7 36. Rxg7 Kxg7 {Normal} 0-1

[Event "Rated Blitz game"]
[Site "?"]
[Date "2021.10.12"]
[Round "?"]
[White "maximych26"]
[Black "RCompany_1"]
[Result "0-1"]
[WhiteElo "2511"]
[BlackElo "2457"]
[PlyCount "48"]
[EventDate "2021.??.??"]
[EventType "blitz"]

1. e4 e5 2. Nf3 d5 3. Nxe5 Bd6 4. d4 dxe4 5. Bc4 Bxe5 6. dxe5 Qxd1+ 7. Kxd1 Nc6
8. Bd5 Nxe5 9. Bxe4 Bg4+ 10. Ke1 O-O-O 11. Nc3 Nf6 12. f3 Nxe4 13. Nxe4 Nxf3+
14. gxf3 Bxf3 15. Ng3 Rd1+ 16. Kf2 Bxh1 17. b3 f6 18. Bb2 Rxa1 19. Bxa1 Bc6 20.
c4 Re8 21. Bd4 b6 22. b4 a6 23. Nf5 g6 24. Ng7 Re7 {Normal} 0-1

[Event "Rated Blitz game"]
[Site "?"]
[Date "2021.10.12"]
[Round "?"]
[White "mateusviageiro"]
[Black "chuparating"]
[Result "0-1"]
[WhiteElo "2430"]
[BlackElo "2512"]
[PlyCount "62"]
[EventDate "2021.??.??"]
[EventType "blitz"]

1. e4 e5 2. Nf3 d5 3. d3 dxe4 4. Nxe5 Nf6 5. Nc3 Qd4 6. Nc4 Bb4 7. Bd2 O-O 8.
dxe4 Nxe4 9. Nxe4 Qxe4+ 10. Ne3 Nc6 11. Bd3 Bxd2+ 12. Qxd2 Qe5 13. O-O-O Rd8
14. Kb1 Be6 15. h4 a5 16. Qe2 Nb4 17. Bc4 b5 18. Bxe6 Rxd1+ 19. Rxd1 Qxe6 20.
b3 a4 21. Qxb5 Nxa2 22. Kxa2 axb3+ 23. Kb2 Ra2+ 24. Kb1 bxc2+ 25. Nxc2 h6 26.
Rd8+ Kh7 27. Qd3+ f5 28. Qc3 Ra6 29. Rb8 Rc6 30. Qd3 Rd6 31. Qc3 Qb3+ {Time
forfeit} 0-1

[Event "Rated Blitz game"]
[Site "?"]
[Date "2021.10.12"]
[Round "?"]
[White "LordVeldergrath"]
[Black "chuparating"]
[Result "1-0"]
[WhiteElo "2556"]
[BlackElo "2512"]
[PlyCount "41"]
[EventDate "2021.??.??"]
[EventType "blitz"]

1. e4 e5 2. Nf3 d5 3. d4 dxe4 4. Nxe5 Bd6 5. Bc4 Bxe5 6. Qh5 Qxd4 7. Qxf7+ Kd8
8. Nc3 Qd7 9. Bg5+ Nf6 10. Rd1 Bd4 11. Rxd4 Qxd4 12. Qxg7 Nbd7 13. Qxh8+ Ke7
14. Nd5+ Kd6 15. Nxf6 Qxc4 16. Bf4+ Kc6 17. Nxd7 Bxd7 18. Qxa8 Bg4 19. Qe8+ Kb6
20. Be3+ Ka6 21. Kd2 {Normal} 1-0

[Event "Rated Blitz game"]
[Site "?"]
[Date "2021.10.11"]
[Round "?"]
[White "Segurodental"]
[Black "RCompany_1"]
[Result "0-1"]
[WhiteElo "2540"]
[BlackElo "2469"]
[PlyCount "34"]
[EventDate "2021.??.??"]
[EventType "blitz"]

1. e4 e5 2. Nf3 d5 3. Nxe5 Bd6 4. d4 dxe4 5. Nc4 Be7 6. Nc3 Nf6 7. Be2 Nc6 8.
Be3 Nb4 9. O-O O-O 10. Nd2 Bf5 11. Kh1 Re8 12. g4 Bg6 13. g5 Nfd5 14. Ndxe4
Nxe3 15. fxe3 Bxg5 16. Nxg5 Qxg5 17. a3 Nxc2 {Normal} 0-1

[Event "Rated Blitz game"]
[Site "?"]
[Date "2021.10.11"]
[Round "?"]
[White "Kostik-Burik"]
[Black "oJHuNikx"]
[Result "0-1"]
[WhiteElo "2417"]
[BlackElo "2501"]
[PlyCount "56"]
[EventDate "2021.??.??"]
[EventType "blitz"]

1. e4 e5 2. Nf3 d5 3. Bc4 dxc4 4. O-O Nc6 5. d3 cxd3 6. cxd3 Bg4 7. Nc3 Nd4 8.
Be3 Nxf3+ 9. gxf3 Bh3 10. Re1 Nf6 11. Qa4+ c6 12. Qb3 Qd7 13. d4 exd4 14. Bxd4
Qxd4 15. Qxb7 Rd8 16. Rad1 Qb6 17. Rxd8+ Qxd8 18. Rd1 Qc8 19. Qxa7 Bb4 20. e5
Bxc3 21. bxc3 Nd5 22. e6 Bxe6 23. c4 Nc7 24. Qc5 Na6 25. Qd6 Qc7 26. Qa3 Nb8
27. Rd4 c5 28. Qa4+ Nd7 {Normal} 0-1